Istanbul or Constantinople? - Statistics

General Stats
  • This quiz has been taken 154 times
  • The average score is 7 of 10
Answer Stats
Timeframe Name of the city Nation % Correct
1923- Istanbul Turkey
96%
1453-1923 Istanbul Ottoman Empire
95%
73-324 Byzantium Rome
91%
324-1204 Constantinople Byzantine Empire
87%
1261-1453 Constantinople Byzantine Empire
87%
449 B.C. - 73 A.D. Byzantion Greece
66%
~ 660 B.C. - ~500 B.C. Byzantion Greece
65%
~ 500 B.C. - 449 B.C. Byzantion Persia
49%
1204-1261 Constantinople Latin Empire
38%
Before 660 B.C. Lygos Thracia
23%
No matching quizzes found
Score Distribution
Percent of People with Each Score
Percentile by Number Answered
Your Score History
You have not taken this quiz